000
00321nam a22001457a 4500
008
230515b ||||| |||| 00| 0 eng d
020
_a
0306801906
041
_a
eng
080
_a
781
082
_a
781OSB
100
_a
20
101
_a
MUZIK
245
_a
THE COMPLETE OPERAS OF MOZART
_c
OSBORNE CH
942
_2
udc
_c
BK
999
_c
59713
_d
59713